La Corrupción política /
में बचाया:
| मुख्य लेखक: | |
|---|---|
| अन्य लेखक: | |
| स्वरूप: | मूलपाठ |
| विषय: | |
| टैग: |
टैग जोड़ें
कोई टैग नहीं, इस रिकॉर्ड को टैग करने वाले पहले व्यक्ति बनें!
|
MARC
| LEADER | 00000 a a2200000 04500 | ||
|---|---|---|---|
| 001 | 12395 | ||
| 003 | |||
| 040 | |||
| 100 | |a Laporta, Francisco J | ||
| 245 | |a La Corrupción política / |c Francisco J Laporta | ||
| 500 | |a Datos de Edición: Madrid, Alianza Editorial, 1997. 372 p | ||
| 650 | |a CORRUPCION | ||
| 650 | |a ADMINISTRACION PUBLICA | ||
| 650 | |a MARCO INSTITUCIONAL | ||
| 650 | |a ASPECTOS ECONOMICOS | ||
| 650 | |a ASPECTOS JURIDICOS | ||
| 650 | |a CONTROL SOCIAL | ||
| 650 | |a DEMOCRACIA | ||
| 650 | |a ETICA | ||
| 650 | |a RESEÑAS BIBLIOGRAFICAS | ||
| 700 | |a comp |a Alvarez, Silvina | ||
| 773 | |g volumen 10, número 20; páginas 249-254 | ||
| 999 | |c 23618 |d 23618 | ||
